Допуски, посадки и технические измерения: [учебное пособие]

Detaylı Bibliyografya
Yazar: Тарасевич Ю. С.
Diğer Yazarlar: Явойш Э. И.
Özet:На английском языке
Dil:İngilizce
Baskı/Yayın Bilgisi: Москва, Мир, [1964]
Konular:
Materyal Türü: MixedMaterials Kitap
KOHA link:https://koha.lib.tpu.ru/cgi-bin/koha/opac-detail.pl?biblionumber=361257

MARC

LEADER 00000nam0a2200000 4500
001 361257
005 20231102011354.0
035 |a (RuTPU)RU\TPU\retro\18583 
090 |a 361257 
100 |a 20210601d1964 m y0rusy50 ca 
101 1 |a eng  |c rus 
102 |a RU 
105 |a a j 000zy 
200 1 |a Допуски, посадки и технические измерения  |d Fits, tolerances and engineering measurement  |e [учебное пособие]  |f Ю. С. Тарасевич, Э. И. Явойш 
210 |a Москва  |c Мир  |d [1964] 
215 |a 160 с.  |c ил. 
300 |a На английском языке 
510 1 |a Fits, tolerances and engineering measurement  |z eng 
606 1 |a Допуски и посадки  |x Расчет  |2 stltpush  |3 (RuTPU)RU\TPU\subj\10010  |9 37151 
606 1 |a Технические измерения  |2 stltpush  |3 (RuTPU)RU\TPU\subj\60062  |9 77552 
610 1 |a учебные пособия 
610 1 |a английский язык 
610 1 |a стандартизация 
610 1 |a манометры 
675 |a 621.753.1/.2(07)  |v 4 
675 |a 621:53.08(07)  |v 4 
700 1 |a Тарасевич  |b Ю. С. 
701 1 |a Явойш  |b Э. И. 
801 1 |a RU  |b 63413507  |c 20210601 
942 |c BK